000 00258nam a2200109Ia 4500
005 20251222144923.0
008 251222s9999||||xx |||||||||||||| ||spa||
082 _a370.7/S31
245 0 _a¿Parlare di Scienza o Fare Scienza?:
264 _bSEED
942 _cLIB
999 _c22798
_d22798